| 000 | 00729nam a2200205 i 4500 | ||
|---|---|---|---|
| 001 | 86378 | ||
| 003 | ES-MaACL | ||
| 005 | 20230906175432.0 | ||
| 007 | t| | ||
| 008 | 041209s1943 sp ||||1| spa d | ||
| 100 | 1 |
_aKarlson, Paul. _967566 |
|
| 245 | 1 | 3 |
_aEl hombre vuela _b: historia y técnica del vuelo / _cPaul Karlson ; con un prefacio de Ernst Udet ; versión española por José Cubillo Fluiters ; [ilustraciones de Gerda Becker]. |
| 250 | _a2ª ed. | ||
| 260 |
_aBarcelona : _bLabor, _c1943 ( _fMariano Galve) |
||
| 300 |
_aXII, 383 p., 12 lám. ; _c23 cm. |
||
| 700 | 1 |
_aUdet, Ernst. _9111864 |
|
| 700 | 1 |
_aCubillo Fluiters, José. _941946 |
|
| 700 | 1 |
_aBecker, Gerda. _926942 |
|
| 852 |
_aES-MaACL _jF-15696 _bR.21695 |
||
| 999 |
_c86378 _d86378 |
||